Everything Money : (Record no. 4876)

MARC details
000 -LEADER
fixed length control field 01236nam a22002897a 4500
001 - CONTROL NUMBER
control field 4876
003 - CONTROL NUMBER IDENTIFIER
control field FISKH
005 - DATE AND TIME OF LATEST TRANSACTION
control field 20241022134711.0
008 - FIXED-LENGTH DATA ELEMENTS--GENERAL INFORMATION
fixed length control field 241022b cb ||||| |||| 00| 0 eng d
020 ## - INTERNATIONAL STANDARD BOOK NUMBER
International Standard Book Number 9780545536318
040 ## - CATALOGING SOURCE
Original cataloging agency FISKH
Language of cataloging eng
Transcribing agency FISKH
Modifying agency FISKH
050 ## - LIBRARY OF CONGRESS CALL NUMBER
Classification number HG221.F87
082 ## - DEWEY DECIMAL CLASSIFICATION NUMBER
Classification number 332.4
100 ## - MAIN ENTRY--PERSONAL NAME
Personal name Furgang, Kathy
245 ## - TITLE STATEMENT
Title Everything Money :
Remainder of title A wealth of facts, photos, and fun! /
Statement of responsibility, etc. by Kathy Furgang with National Geogarphic explorer Fred Hiebert
260 ## - PUBLICATION, DISTRIBUTION, ETC.
Place of publication, distribution, etc. New York :
Name of publisher, distributor, etc. Scholastic ;
Date of publication, distribution, etc. 2013 .
300 ## - PHYSICAL DESCRIPTION
Extent 64 pages :
Other physical details color illustrations ;
Dimensions 25 cm .
490 ## - SERIES STATEMENT
Series statement National Geographic Kids Everything
505 ## - FORMATTED CONTENTS NOTE
Formatted contents note Z <br/>
520 ## - SUMMARY, ETC.
Summary, etc. All you need to know about money can be found in the pages of this colorful, energetic, and accessible book. Kids will also learn about money around the world from a National Geographic expert, featured in "Explorer's Corners" throughout the book. Packed with fun facts and amazing photographs, this book gives kids an in-depth look at this facinating and important topic.
521 8# - TARGET AUDIENCE NOTE
Target audience note 980 <br/>
Source Lexile <br/>
521 8# - TARGET AUDIENCE NOTE
Target audience note Z <br/>
Source Raz-Plus <br/>
650 ## - SUBJECT ADDED ENTRY--TOPICAL TERM
Topical term or geographic name entry element math
Form subdivision non-fiction
700 ## - ADDED ENTRY--PERSONAL NAME
Personal name Hiebert, Fredrik T.
Relator term Contributor
942 ## - ADDED ENTRY ELEMENTS (KOHA)
Source of classification or shelving scheme Dewey Decimal Classification
Koha item type Books
Suppress in OPAC No
Holdings
Withdrawn status Lost status Source of classification or shelving scheme Damaged status Not for loan Collection Home library Current library Shelving location Date acquired Total Checkouts Full call number Barcode Date last seen Price effective from Koha item type
    Dewey Decimal Classification     Non-Fiction Footprints International School Library Network Toul Kork Campus Footprints International School Library Network Toul Kork Campus TTP Secondary Non-Fiction Bookshelves 10/22/2024   FUR 332.4 HG221.F87 FISSE00961 10/22/2024 10/22/2024 Books